LEADER 01557nas 2200409 450 001 9910715301203321 005 20210105142427.0 035 $a(CKB)5470000002509007 035 $a(OCoLC)1228909753 035 $a(EXLCZ)995470000002509007 100 $a20210105a201u9999 |a 101 0 $aeng 135 $aur||||||||||| 181 $ctxt$2rdacontent 182 $cc$2rdamedia 183 $acr$2rdacarrier 200 10$aDCEG news updates /$fNational Cancer Institute, Division of Cancer Epidemiology & Genetics 210 1$a[Bethesda, Md.] :$cU.S. Department of Health and Human Services, National Institutes of Health, National Cancer Institute 215 $a1 online resource (volumes) 300 $a"The latest news and research findings from the Division of Cancer Epidemiology and Genetics." 517 1 $aDivision of Cancer Epidemiology and Genetics news updates 606 $aCancer$xEpidemiology$xResearch$zUnited States$vPeriodicals 606 $aCancer$xGenetic aspects$xResearch$zUnited States$vPeriodicals 606 $aCancer$xEpidemiology$xResearch$2fast 606 $aCancer$xGenetic aspects$xResearch$2fast 607 $aUnited States$2fast 608 $aPeriodicals.$2fast 615 0$aCancer$xEpidemiology$xResearch 615 0$aCancer$xGenetic aspects$xResearch 615 7$aCancer$xEpidemiology$xResearch. 615 7$aCancer$xGenetic aspects$xResearch. 801 0$bGPO 801 1$bGPO 906 $aDOCUMENT 912 $a9910715301203321 996 $aDCEG news updates$93303746 997 $aUNINA